000 00555nam a22001817a 4500
005 20251108171047.0
008 250721s1986 xx 000 0 ara d
082 1 4 _a809.2/فوز
100 1 _aأحمد، فوزي فهمي
245 1 0 _aالمفهوم التراجيدي و الدراما الحديثة /
250 _aط2.
264 1 _aالقاهرة :
_bالهيئة المصرية العامة للكتاب،
_c1986.
300 _a151ص
650 1 7 _aالمسرحيات
650 1 7 _aتاريخ ونقد
942 _2ddc
_cBK
999 _c55605
_d55605